header

Journey to lean (Record no. 102223)

MARC details
000 -LEADER
fixed length control field 01305nam a22003374a 4500
082 04 - DEWEY DECIMAL CLASSIFICATION NUMBER
Classification number 658.4/06
100 1# - MAIN ENTRY--AUTHOR NAME
Personal name Drew, John,
245 10 - TITLE STATEMENT
Title Journey to lean
260 ## - PUBLICATION, DISTRIBUTION, ETC. (IMPRINT)
Place of publication Houndmills, Basingstoke, Hampshire ;
-- New York :
Name of publisher Palgrave Macmillan,
Year of publication 2004.
300 ## - PHYSICAL DESCRIPTION
Number of Pages xvii, 206 p. :
Other physical details ill.
500 ## - GENERAL NOTE
General note Includes index.
650 #0 - SUBJECT ADDED ENTRY--TOPICAL TERM
Topical Term Organizational change.
Topical Term Industrial management.
Topical Term Quality function deployment.
700 1# - ADDED ENTRY--PERSONAL NAME
Personal name McCallum, Blair.
Personal name Roggenhofer, Stefan.
856 40 - ELECTRONIC LOCATION AND ACCESS
Uniform Resource Identifier http://site.ebrary.com/lib/rucke/Doc?id=10103782

No items available.

© 2026 Rongo University
Contact us: librarian | system librarian | Rongo university